| 000 | 00350nam a2200133 a 4500 | ||
|---|---|---|---|
| 001 | 000005658 | ||
| 005 | 20200929151732.0 | ||
| 008 | 090821s2001 dr a 000 0 spa d | ||
| 040 |
_aDO-SdBNP _bspa _cBNPHU |
||
| 082 |
_axxxx _bM533r |
||
| 245 | 0 | 0 | _aMemorias de la red. |
| 260 |
_aSanto Domingo : _bDe Revistas, _c2001. |
||
| 300 |
_a71 p. : _bil. ; _c25 cm. |
||
| 999 |
_c5456 _d5456 |
||